Sistema web de registro académico para TSIS

Presenta el desarrollo de un sistema web, el cual permitirá ayudar a mejorar la eficiencia en la administración de los datos académicos del TSIS. Dicho sistema se realizado con herramientas como Microsoft Visual Studio 2017 y Microsoft SQL Server 2017. También se hizo uso del lenguaje UML y sus...

Full description

Bibliographic Details
Main Authors: Medina Alonso, Karla Dolores, Téllez Barreda, Alejandro Antonio, Flores, Melvin Antonio
Other Authors: Tutor: Chávez Toruño, Ariel
Format: Tesis Section = Libro
Language:Undetermined
Spanish
Published: Managua UNI 2019
Subjects:
LEADER 01343nam a2200277Ia 4500
008 240830s9999 xx 000 0 und d
040 |a BIBLIOTECA-RUPAP Mon 005.74 M491 
041 |a spa 
082 |a Mon 005.74 M491 
100 1 |a Medina Alonso, Karla Dolores 
100 1 |b  Téllez Barreda, Alejandro Antonio 
100 1 |c  Flores, Melvin Antonio 
245 1 0 |a Sistema web de registro académico para TSIS 
260 |a Managua  |b UNI  |c 2019 
300 |a 74 p. :il. 
500 |a Contiene: anexos y CD. 
502 |a Tesis (Técnico Superior en Informática y Sistemas)- UNI, 2019. 
520 3 |a Presenta el desarrollo de un sistema web, el cual permitirá ayudar a mejorar la eficiencia en la administración de los datos académicos del TSIS. Dicho sistema se realizado con herramientas como Microsoft Visual Studio 2017 y Microsoft SQL Server 2017. También se hizo uso del lenguaje UML y sus diagramas los cuales guiaron en el funcionamiento del sistema web; estos fueron Diagramas de Caso de uso, de Actividades, de Colaboración, de Componentes, de Despliegue, de Estado, de Secuencia y de Clase. 
650 7 |a DESARROLLO DE SISTEMAS WEB 
650 7 |b BASES DE DATOS 
650 7 |c APLICACIÓN WEB 
650 7 |d SITIO WEB 
700 1 |a Tutor:  |b Chávez Toruño, Ariel 
942 |c BK  |2 ddc 
991 |a TESIS 
999 |c 15341